| 000 | 00571nam a2200193Ia 4500 | ||
|---|---|---|---|
| 003 | OSt | ||
| 005 | 20240509125540.0 | ||
| 008 | 210719s1989 xx 000 0 und d | ||
| 040 | _cAL | ||
| 041 | _aKannada | ||
| 082 | _aK894.2 KAIA | ||
| 100 |
_aKAILASAM _d ಕೈಲಾಸಂ _9163958 |
||
| 245 |
_aAmmavra ganda: yajamanra hendti. _bಅಮ್ಮಾವ್ರ ಗಂಡ: ಯಜಮಾನರ ಹೆಂಡ್ತಿ |
||
| 260 |
_aMangaluru _bAbhivyakta Prakashana _c1989 |
||
| 300 |
_a109 _bPB |
||
| 365 |
_b3 _cRs |
||
| 650 |
_aKannada Drama _9163959 |
||
| 942 |
_2ddc _cBK |
||
| 999 |
_c213132 _d213132 |
||